The cotton patch version of Paul's Epistles. (Record no. 5631)

000 -LEADER
fixed length control field 00631nam a2200193 a 4500
001 - CONTROL NUMBER
control field :::00003373$&:&@@
003 - CONTROL NUMBER IDENTIFIER
control field OkBaRHE
005 - DATE AND TIME OF LATEST TRANSACTION
control field 20000607103304.0
008 - FIXED-LENGTH DATA ELEMENTS--GENERAL INFORMATION
fixed length control field s1970 j 000 0 eng u
040 ## - CATALOGING SOURCE
Transcribing agency
100 1# - MAIN ENTRY--PERSONAL NAME
Personal name Jordan, Clarence.
245 14 - TITLE STATEMENT
Title The cotton patch version of Paul's Epistles.
260 ## - PUBLICATION, DISTRIBUTION, ETC. (IMPRINT)
Place of publication, distribution, etc New York, NY., :
Name of publisher, distributor, etc Association Press
Date of publication, distribution, etc 1970
300 ## - PHYSICAL DESCRIPTION
Extent 158 p. ;
Dimensions 22 cm.
490 0# - SERIES STATEMENT
Series statement A Koinonia publication
650 ## - SUBJECT ADDED ENTRY--TOPICAL TERM
Topical term or geographic name as entry element Bible New Testament Epistles of Paul
General subdivision Paraphrases, English.
942 ## - ADDED ENTRY ELEMENTS (KOHA)
Source of classification or shelving scheme
Koha item type Books
Copies
Source of classification or shelving scheme Price effective from Date acquired Copy number Date last seen Barcode Not for loan Full call number Damaged status Shelving location Permanent Location Lost status Koha item type Withdrawn status
 2010-04-142010-04-1412018-03-273373 BS 2643 .J67 General StacksRHEMA Bible Training College Books